| 000 | 00527cam a2200157 4500500 | ||
|---|---|---|---|
| 005 | 20260405001325.0 | ||
| 041 | _afre | ||
| 042 | _adc | ||
| 100 | 1 | 0 |
_aRusch, Pierre _eauthor |
| 245 | 0 | 0 | _aLes désarçonnés: collection littéraire dirigée par Martine Saada |
| 260 | _c2012. | ||
| 500 | _a87 | ||
| 690 | _aPascal Quignard | ||
| 786 | 0 | _nPhilosophie magazine | 62 | 9 | 2012-09-01 | p. 50-50 | 1951-1787 | |
| 856 | 4 | 1 | _uhttps://shs.cairn.info/magazine-philosophie-magazine-2012-9-page-50?lang=fr&redirect-ssocas=7080 |
| 999 |
_c2046400 _d2046400 |
||